Obtaining flood insurance in high risk areas (Record no. 114452)

MARC details
000 -LEADER
fixed length control field 01229cad a22002175a 4500
001 - CONTROL NUMBER
control field L156857
008 - FIXED-LENGTH DATA ELEMENTS--GENERAL INFORMATION
fixed length control field 120720s2012 xxk f 000 0 eng d
035 ## - SYSTEM CONTROL NUMBER
System control number (Sirsi) u156857
041 0# - LANGUAGE CODE
Language code of text/sound track or separate title eng
110 2# - MAIN ENTRY--CORPORATE NAME
Corporate name or jurisdiction name as entry element United Kingdom
Subordinate unit Department for Environment, Food and Rural Affairs
245 00 - TITLE STATEMENT
Title Obtaining flood insurance in high risk areas
Medium [electronic resource]
260 ## - PUBLICATION, DISTRIBUTION, ETC.
Place of publication, distribution, etc. London
Name of publisher, distributor, etc. DEFRA
Date of publication, distribution, etc. 2012
505 2# - FORMATTED CONTENTS NOTE
Formatted contents note The need for insurance -- Availability of flood cover -- Getting specialist help -- Understanding the current flood risk to your property -- Reducing the flood risk in your area -- What can be done to reduce the impact of flooding on your property - What is a flood risk mitigation survey and how you can get one
520 ## - SUMMARY, ETC.
Summary, etc. Offers guidance for property owners on how to obtain insurance cover for properties in high risk flood areas. Looks at what steps can be taken to reduce the risk and protect a property from flood damage.
590 ## - LOCAL NOTE (RLIN)
Local note KA NTK
651 #4 - SUBJECT ADDED ENTRY--GEOGRAPHIC NAME
Geographic name United Kingdom
Chronological subdivision
690 ## - LOCAL SUBJECT ADDED ENTRY--TOPICAL TERM (OCLC, RLIN)
Topical term or geographic name as entry element Hydrography
9 (RLIN) 6245
690 ## - LOCAL SUBJECT ADDED ENTRY--TOPICAL TERM (OCLC, RLIN)
Topical term or geographic name as entry element Insurance
9 (RLIN) 6249
856 40 - ELECTRONIC LOCATION AND ACCESS
Uniform Resource Identifier <a href="https://www.defra.gov.uk/publications/files/pb13082-flood-insurance.pdf">https://www.defra.gov.uk/publications/files/pb13082-flood-insurance.pdf</a>
Public note View the item free of charge from the www.defra.gov.uk website.
942 ## - ADDED ENTRY ELEMENTS (KOHA)
Suppress in OPAC 0
Holdings
Withdrawn status Lost status Source of classification or shelving scheme Damaged status Not for loan Home library Current library Shelving location Date acquired Total Checkouts Full call number Barcode Date last seen Copy number Price effective from Koha item type
    Dewey Decimal Classification     Virtual Virtual Online 20/07/2012   ONLINE PUBLICATION 156857-2001 06/08/2019 1 06/08/2019 Book